000
00202nam a22000857a 4500
008
170214b xxu||||| |||| 00| 0 eng d
100
_9
2872
_a
Kidz
245
_a
Arabian Nights
260
_a
New Delhi
_b
Kidz
_c
2012
999
_c
6091
_d
6091